000
00292nam a22001337a 4500
008
170714b xxu||||| |||| 00| 0 eng d
020
_a
785555029767
041
_a
eng
080
_2
4TH
_a
038
100
_a
24
101
_a
FJA
245
_a
POCKET DICTIONARY
_c
GOLDMAN,J.L
942
_2
udc
_c
BK
999
_c
20874
_d
20874